Statistics for Countries with a Very Serious Situation (RSF 2018)

Click here to take the quiz!

General Stats

  • This quiz has been taken 45 times
  • The average score is 15 of 22

Answer Stats

Answer% Correct
Iraq
93%
Syria
90%
North Korea
85%
Somalia
85%
Yemen
85%
Iran
83%
Libya
83%
Sudan
78%
Saudi Arabia
73%
Egypt
71%
Cuba
68%
China
66%
Laos
66%
Eritrea
63%
Vietnam
63%
Djibouti
61%
Turkmenistan
61%
Uzbekistan
61%
Azerbaijan
56%
Burundi
54%
Bahrain
46%
Equatorial Guinea
46%

Score Distribution

Percentile by Number Answered

Percent of People with Each Score

Your Score History

You have not taken this quiz